An elementary treatise on differential equations and their applications (Record no. 196147)

MARC details
000 -LEADER
fixed length control field 00422nam a2200145Ia 4500
008 - FIXED-LENGTH DATA ELEMENTS--GENERAL INFORMATION
fixed length control field 231217s9999 xx 000 0 und d
041 ## - LANGUAGE CODE
Language code of text/sound track or separate title English
082 ## - DEWEY DECIMAL CLASSIFICATION NUMBER
Classification number 515.35 PIA:3 R
100 ## - MAIN ENTRY--PERSONAL NAME
Personal name Piaggio, H T M.
245 #3 - TITLE STATEMENT
Title An elementary treatise on differential equations and their applications
260 ## - PUBLICATION, DISTRIBUTION, ETC.
Date of publication, distribution, etc. 1962
Name of publisher, distributor, etc. Orient longmans
Place of publication, distribution, etc. Bombay
300 ## - PHYSICAL DESCRIPTION
Extent xviii, 256
400 ## - SERIES STATEMENT/ADDED ENTRY--PERSONAL NAME [OBSOLETE, CAN/MARC], [LOCAL, USA]
Personal name Bell's mathematical series
942 ## - ADDED ENTRY ELEMENTS (KOHA)
Koha item type Books
Holdings
Date last seen Total checkouts Full call number Accession number Price effective from Category Public note Lost status Damaged status Department Withdrawn status Home library Current library Shelving location Entry date Grants Currency symbol Conversion rate Discount Old discount
26/01/2024   515.35 PIA:3 R 87933 26/01/2024 Books Donated by Kshama Bhat Rare book     Central Library   Central Library Central Library Central Library 02/01/2014 DONATED RS 1    

© For any Suggestions or Query, please contact the library staff @ librarian@pes.edu or Phone: +9180 2672 1983/ 2108.